| 000 | 01227nam a22001937a 4500 | ||
|---|---|---|---|
| 999 |
_c120843 _d120843 |
||
| 003 | OSt | ||
| 005 | 20200820124654.0 | ||
| 008 | 200820b2020 ||||| |||| 00| 0 eng | ||
| 040 | _cNLS | ||
| 082 | _a305.4 KOT | ||
| 100 |
_9106 _aJayna Kothari, Krithika Balu and Rohit Sarma |
||
| 245 |
_aBeyond the Binary: Advancing Legal Recognition for Intersex Persons in India _bPolicy Brief |
||
| 260 |
_aBangalore _bCentre for Law & Policy Research _c2020 |
||
| 300 | _a24p | ||
| 505 | _aContents: Acknowledgements, Section I. Introduction, Section II. Intersex Person Movements Under the Transgender Umbrella A. Intersex Persons within the Transgender Umbrella B. The Invisibility of Intersex Identity Section III. The Need for a Separate Legal Definition of Intersex Persons A. Definitions of Intersex Persons in the Indian Context, B. Intersex Persons' Rights in a Comparative Context, Section IV. Intersex Rights A. Protection from Intersex Gernital Mutilation or the Right against forced Surgery, B. Legal Recongnition of Sex at Birth, Section V. Conclusion and Recommendations | ||
| 600 | _zTransgender, Intersex Rights | ||
| 856 | _uhttps://clpr.org.in/wp-content/uploads/2020/07/CLPR_PolicyBrief_2.pdf | ||
| 942 |
_2ddc _cREP |
||